Statystyki dla Rośliny uprawiane w Polsce

Kliknij tutaj aby rozwiązać quiz!

Ogólne statystyki

  • Ten quiz został rozwiązany 325 razy
  • Średni wynik to 1 z 5

Statystyki odpowiedzi

HintOdpowiedź% Poprawnych
2,9%Ziemniaki
82%
70,6%Zboża
51%
10,4%Rośliny pastewne
7%
10,3%Rośliny przemysłowe
4%
5,8%Inne
3%

Rozkład punktacji

Percentyl według liczby udzielonych odpowiedzi

Procent ludzi z każdym wynikiem

Twoja historia wyników

Nie rozwiązałeś tego quizu